000 00473nam a2200157 i 4500
001 37293
003 ES-MaACL
005 20230906155536.0
007 t|
008 030220s1971 sp ||||1| spa d
100 1 _aBueno Martínez, Fernando.
_932403
245 1 0 _aConsideraciones sobre traumatología cráneo-encefálica /
_cFernando Bueno Martínez.
260 _aOviedo :
_bAut.,
_c1971.
300 _a416 p., 14 lám. ;
_c25 cm.
852 _aES-MaACL
_jC-39053
_bR.79300
999 _c37293
_d37293